000
00275nam a2200097Ia 4500
008
240331s9999 xx 000 0 und d
082
_b
DIS
100
_a
University Teachers for Human Rights. ed
245
0
_a
Disappearances and accountability :
_b
Special Report No.12
942
_c
L
999
_c
2871
_d
2871